| 000 | 01505 a2200205 4500 | ||
|---|---|---|---|
| 001 | 29506 | ||
| 005 | 20260407155605.0 | ||
| 008 | 260407a1980 arg spa d | ||
| 003 | AR-UNSa-BCEJYS | ||
| 040 |
_aAR-UNSa-BCEJYS _bspa _cAR-UNSa-BCEJYS |
||
| 080 |
_a657.372 _xTécnicas para la preparación de balances (valores corrientes) |
||
| 245 | 1 | 0 | _aManual para la planificación, la elaboración y el control de los estados contables |
| 264 | 1 |
_aBuenos Aires : _bCangallo _c1980 |
|
| 300 |
_a254 p. _c25 cm. |
||
| 505 | _aParte I: Tareas de balance: 1. Recursos - 2. Procedimientos de elaboración - 3. Elaboración del activo - 4. Elaboración del pasivo y de las ganancias a realizar - 5. Elaboración del patrimonio neto y de los pasivos eventuales - 6. Elaboración de los estados de resultados -- Parte II: Técnicas para la planificación, la elaboración y el control de los estados contables: 1. Tareas generales - 2. Método del camino crítico - 3. Carga de trabajo - 4. Control de tareas - 5. Sistemas para adecuar el valor adquisitivo de la moneda - 6. Computación y contabilidad -- Parte III: Casos de Aplicación: 1. Planteo del caso de aplicación - 2. Programación de las tareas anticipadas - 3. Programación de las tareas concomitantes - 4. Programación de las tareas posteriores - 5. Programación general -- Parte IV: Normas de aplicación | ||
| 942 | _cBK | ||
| 590 | _aniveau_biblio:m niveau_hierar:0 | ||
| 100 | 1 | _aMartín, Miguel Angel | |
| 700 | 1 | _aLandreau, Horacio César | |
| 999 |
_c1888 _d1888 |
||